000 00525nam a22001697a 4500
005 20251108164332.0
008 250721s1989 xx 000 0 ara d
082 1 4 _a400/هجم
100 1 _aهجمان، روى . س
245 1 0 _aاللغة و الحياة و الطبيعة البشرية /
264 1 _aالكويت :
_bجامعة الكويت،
_c1989.
300 _a203ص
650 1 7 _aاللغة العربية
700 1 _aالسيد، داود حلمي أحمد
_eترجمة
942 _2ddc
_cBK
999 _c9645
_d9645